Evaluación estructural de uniones en invernaderos tipo capilla de madera
Gespeichert in:
| 1. Verfasser: | |
|---|---|
| Format: | Buch |
| Sprache: | Spanish |
| Veröffentlicht: |
[San José], Costa Rica
2011
|
| Schlagworte: | |
| Tags: |
Tag hinzufügen
Keine Tags, Fügen Sie den ersten Tag hinzu!
|
MARC
| LEADER | 00000nam a22000007a 4500 | ||
|---|---|---|---|
| 003 | 010567 | ||
| 005 | 20221231144026.0 | ||
| 008 | 151204b2011 cr ab||| |||| 00| 0 spa d | ||
| 040 | |c cru CEDI | ||
| 090 | |a TFG 6404 | ||
| 100 | |9 2459 |a Chanto Ballestero, Gabriela | ||
| 245 | |a Evaluación estructural de uniones en invernaderos tipo capilla de madera | ||
| 260 | |a [San José], Costa Rica |c 2011 | ||
| 500 | |a Proyecto de graduación (licenciatura en ingeniería civil)--Universidad de Costa Rica. Facultad de Ingeniería. Escuela de Ingeniería Civil | ||
| 650 | |x INVERNADEROS |x DISEÑO Y CONSTRUCCION |x DISEÑO DE ESTRUCTURAS |x CONSTRUCCIONES DE MADERA |x UNIONES (INGENIERIA) |x ESFUERZO Y TENSION |x ANALISIS ESTRUCTURAL (INGENIERIA) |9 2460 | ||
| 942 | |c TFG | ||
| 999 | |c 15787 |d 15787 | ||
